Rents hold up (Record no. 61890)

MARC details
000 -LEADER
fixed length control field 00714cam a2200205 4500
001 - CONTROL NUMBER
control field WB3547-43
008 - FIXED-LENGTH DATA ELEMENTS--GENERAL INFORMATION
fixed length control field 000000n1999 000 0 eng u
035 ## - SYSTEM CONTROL NUMBER
System control number (Sirsi) u103002
245 ## - TITLE STATEMENT
Title Rents hold up
260 ## - PUBLICATION, DISTRIBUTION, ETC.
Date of publication, distribution, etc. 1999
490 ## - SERIES STATEMENT
Series statement Estates Gazette
Volume/sequential designation (9947) 27 November 1999, 140(1)
520 ## - SUMMARY, ETC.
Summary, etc. Research by Carter Jonas shows that farm business tenancy (FBT) rents fell by only 1.9% compared to Michaelmas 1998, although Agricultural Holdings Act rents reviewed at Michaelmas 1999 mainly fell by between 10-20%.
590 ## - LOCAL NOTE (RLIN)
Local note WB
650 ## - SUBJECT ADDED ENTRY--TOPICAL TERM
Topical term or geographic name entry element AGRICULTURAL RENTS
650 ## - SUBJECT ADDED ENTRY--TOPICAL TERM
Topical term or geographic name entry element FARM RENTS
650 ## - SUBJECT ADDED ENTRY--TOPICAL TERM
Topical term or geographic name entry element FARM BUSINESS TENANCY RENTS
650 ## - SUBJECT ADDED ENTRY--TOPICAL TERM
Topical term or geographic name entry element CARTER JONAS
690 ## - LOCAL SUBJECT ADDED ENTRY--TOPICAL TERM (OCLC, RLIN)
Topical term or geographic name as entry element RURAL PRACTICE
942 ## - ADDED ENTRY ELEMENTS (KOHA)
Suppress in OPAC 0
Holdings
Withdrawn status Lost status Source of classification or shelving scheme Damaged status Not for loan Home library Current library Shelving location Date acquired Total Checkouts Full call number Barcode Date last seen Copy number Price effective from Koha item type
    Dewey Decimal Classification     London London News article 02/12/1999   WB3547-43 103002-1001 06/08/2019 1 06/08/2019 News article